Conversations with Jim Harrison (Literary Conversations) / (Record no. 617194)

000 -LEADER
fixed length control field 00409nam a2200133 4500
020 ## - INTERNATIONAL STANDARD BOOK NUMBER
Qualifying information PB.
040 ## - CATALOGING SOURCE
Transcribing agency FIZZA ISHAQ
082 ## - DEWEY DECIMAL CLASSIFICATION NUMBER
Classification number 818.5409
Author Mark DEM
100 ## - MAIN ENTRY--PERSONAL NAME
Personal name Demott , Robert.
9 (RLIN) 134221
245 ## - TITLE STATEMENT
Title Conversations with Jim Harrison (Literary Conversations) /
Statement of responsibility, etc. Robert Demott.
260 ## - PUBLICATION, DISTRIBUTION, ETC.
Place of publication, distribution, etc. New York:
Name of publisher, distributor, etc. University Press of Mississippi ,
Date of publication, distribution, etc. 2002.
300 ## - PHYSICAL DESCRIPTION
Extent 243 P. ;
Dimensions 15.24 x 1.6 x 22.86 cm
942 ## - ADDED ENTRY ELEMENTS (KOHA)
Source of classification or shelving scheme
Koha item type Book
Holdings
Withdrawn status Lost status Source of classification or shelving scheme Damaged status Not for loan Permanent Location Current Location Shelving location Date acquired Total Checkouts Full call number Barcode Date last seen Price effective from Koha item type
          NUST Baluchistan Campus (NBC) NUST Baluchistan Campus (NBC) General Stacks 04/21/2026   818.5409 DEM QD-445 04/21/2026 04/21/2026 Book
© 2023 Central Library, National University of Sciences and Technology. All Rights Reserved.